Southville International School and Colleges
Your cart is empty.
  • Cart
  • Lists
    Public lists Eva Luna New books Lux_list list_1
    Your lists Log in to create your own lists
  • Log in to your account
  • Your cookies
  • Search history
Southville International School and Colleges
  • Advanced search
  • Recent comments
  • Most popular
  • Libraries

Log in to your account

Log in with GOOGLE


If you do not have an external account, but do have a local account, you can still log in:

  1. Home
  2. MARC view: Python for data science for dummies /
Normal view MARC view ISBD view

Python for data science for dummies / (Record no. 305381)

[ view plain ]
MARC details
000 -LEADER
fixed length control field 00524nam a22001697a 4500
003 - CONTROL NUMBER IDENTIFIER
control field SISC
005 - DATE AND TIME OF LATEST TRANSACTION
control field 20170110115614.0
008 - FIXED-LENGTH DATA ELEMENTS--GENERAL INFORMATION
fixed length control field 170110b xxu||||| |||| 00| 0 eng d
020 ## - INTERNATIONAL STANDARD BOOK NUMBER
International Standard Book Number 9781118844182
050 ## - LIBRARY OF CONGRESS CALL NUMBER
Classification number T 58.5
Item number .M414 2015
100 ## - MAIN ENTRY--PERSONAL NAME
Personal name Massaron, Luca.
245 ## - TITLE STATEMENT
Title Python for data science for dummies /
Statement of responsibility, etc by Luca Massaron and John Paul Mueller.
260 ## - PUBLICATION, DISTRIBUTION, ETC. (IMPRINT)
Place of publication, distribution, etc New Jersey :
Name of publisher, distributor, etc John Wiley & Sons, Inc.,
Date of publication, distribution, etc 2015.
300 ## - PHYSICAL DESCRIPTION
Extent xii, 418 pages :
Other physical details illustrations ;
Dimensions 24 cm.
500 ## - GENERAL NOTE
General note Includes index.
942 ## - ADDED ENTRY ELEMENTS (KOHA)
Source of classification or shelving scheme Library of Congress Classification
Koha item type Books
Holdings
Withdrawn status Lost status Source of classification or shelving scheme Damaged status Home library Current library Shelving location Date acquired Source of acquisition Sub Shelving location Total Checkouts Full call number Barcode Date last seen Price effective from Koha item type
    Library of Congress Classification   College Library College Library Graduate Section 01/10/2017 Library Fund     T 58.5 .M414 2015 C20826 05/15/2018 01/10/2017 Books

Python for data science for dummies /

APA

Massaron L., . (2015). Python for data science for dummies. New Jersey: John Wiley & Sons, Inc.

Chicago

Massaron Luca, . 2015. Python for data science for dummies. New Jersey: John Wiley & Sons, Inc.

Harvard

Massaron L., . (2015). Python for data science for dummies. New Jersey: John Wiley & Sons, Inc.

MLA

Massaron Luca, . Python for data science for dummies. New Jersey: John Wiley & Sons, Inc. 2015.

  • Place hold
  • Print
  • Cite
  • Add to your cart (remove)
  • Save record
    BIBTEX Dublin Core MARCXML MARC (non-Unicode/MARC-8) MARC (Unicode/UTF-8) MARC (Unicode/UTF-8, Standard) MODS (XML) RIS
  • More searches
    Search for this title in:
    Other Libraries (WorldCat) Other Databases (Google Scholar) Online Stores (Bookfinder.com) Open Library (openlibrary.org)

Exporting to Dublin Core...

SOUTHVILLE LIBRARY

Southville International School and Colleges Library

1281 Tropical Ave. Cor. Luxembourg St., BF Homes International, Las Pinas City

Tel. No. 8256374 / 252358 Loc. 117/146

Powered by Koha